书目信息 |
| 题名: |
果树分子生物学
|
|
| 作者: | 韩振海 , 章镇 主编 | |
| 分册: | ||
| 出版信息: | 上海 上海科学技术出版社 2012.10 |
|
| 页数: | 304页 | |
| 开本: | 27cm | |
| 丛书名: | ||
| 单 册: | ||
| 中图分类: | S660.1 | |
| 科图分类: | ||
| 主题词: | 果树--分子生物学 | |
| 电子资源: | ||
| ISBN: | 978-7-5478-1280-8 | |
| 000 | 01223nam0 2200277 45 | |
| 001 | 1354549936 | |
| 005 | 20130510093649.43 | |
| 010 | @a978-7-5478-1280-8@b精装@dCNY65.00 | |
| 100 | @a20130108d2012 em y0chiy0121 ea | |
| 101 | 0 | @achi |
| 102 | @aCN@b310000 | |
| 105 | @aa a 000yy | |
| 106 | @ar | |
| 200 | 1 | @a果树分子生物学@AGuo Shu Fen Zi Sheng Wu Xue@f章镇, 韩振海主编@FZhang Zhen , Han Zhen Hai Zhu Bian |
| 210 | @a上海@c上海科学技术出版社@d2012.10 | |
| 215 | @a304页@c图@d27cm | |
| 312 | @a英文并列题名取自封面:Molecular biology in fruit crops | |
| 320 | @a有书目 | |
| 330 | @a本书以植物分子生物学为基础, 系统介绍以果树为试材、以分子生物学研究方法为手段的研究成果。全书内容共分十七章, 涵盖果树发育的各个阶段, 主要内容包括植物分子生物学基础; 果树基因组学; 果树分子生物学研究方法; 果树嫁接分子机理; 果树开花分子生物学; 果实发育和品质分子生物学; 果树抗逆分子生物学; 果树营养生理与分子生物学; 果树自交不亲和分子机理; 果树基因克隆与遗传转化等。 | |
| 510 | 1 | @aMolecular biology in fruit crops@zeng |
| 606 | 0 | @a果树@x分子生物学 |
| 690 | @aS660.1@v5 | |
| 701 | 0 | @a韩振海@AHan Zhen Hai@4主编 |
| 701 | 0 | @a章镇@AZhang Zhen@4主编 |
| 801 | @aCN@bTANGWEI@c20130109 | |
| 905 | @b0830821-23@dS660.1@e237@f3 | |
| 果树分子生物学/章镇, 韩振海主编.-上海:上海科学技术出版社,2012.10 |
| 304页:图;27cm |
| ISBN 978-7-5478-1280-8(精装):CNY65.00 |
| 本书以植物分子生物学为基础, 系统介绍以果树为试材、以分子生物学研究方法为手段的研究成果。全书内容共分十七章, 涵盖果树发育的各个阶段, 主要内容包括植物分子生物学基础; 果树基因组学; 果树分子生物学研究方法; 果树嫁接分子机理; 果树开花分子生物学; 果实发育和品质分子生物学; 果树抗逆分子生物学; 果树营养生理与分子生物学; 果树自交不亲和分子机理; 果树基因克隆与遗传转化等。 |
| ● |
| 相关链接 |
|
|
|
|
正题名:果树分子生物学
索取号:S660.1/237
 
预约/预借
| 序号 | 登录号 | 条形码 | 馆藏地/架位号 | 状态 | 备注 |
| 1 | 0830821 | 208308213 | 第二样本阅览室/ [索取号:S660.1/237] | 在馆 | |
| 2 | 0830822 | 208308222 | 第三借阅区/ [索取号:S660.1/237] | 在馆 | |
| 3 | 0830823 | 208308231 | 第三借阅区/ [索取号:S660.1/237] | 在馆 |